Flora / (Record no. 191132)

MARC details
000 -CABECERA
campo de control de longitud fija 00630nam a2200193 a 4500
005 - FECHA Y HORA DE LA ÚLTIMA TRANSACCIÓN
campo de control 20240228064303.0
008 - ELEMENTOS DE LONGITUD FIJA--INFORMACIÓN GENERAL
campo de control de longitud fija 170621s2011 mx r 000 0 spa d
020 ## - NÚMERO INTERNACIONAL NORMALIZADO PARA LIBROS
Número Internacional Estándar del Libro 9788526016125
035 ## - NÚMERO DE CONTROL DEL SISTEMA
Número de control de sistema UPN01000219032
049 ## - COLECCIÓN
Colección I
050 #4 - SIGNATURA TOPOGRÁFICA DE LA BIBLIOTECA DEL CONGRESO
Número de clasificación PZ83
Número de documento/Ítem C3.5
100 1# - ASIENTO PRINCIPAL--NOMBRE PERSONAL
Nombre de persona Campos de Queirós, Bartolomeu,
Fechas asociadas al nombre 1944-2012
9 (RLIN) 30796
245 10 - MENCIÓN DE TÍTULO
Título Flora /
Mención de responsabilidad, etc. Bartolomeu Campos de Queirós ; il. Ellen Pestili ; tr. Alberto Jiménez Rioja.
260 ## - PUBLICACIÓN, DISTRIBUCIÓN, ETC.
Lugar de publicación, distribución, etc. Sâo Paulo, Br. :
Nombre del editor, distribuidor, etc. Global,
Fecha de publicación, distribución, etc. 2011.
300 ## - DESCRIPCIÓN FÍSICA
Extensión 34 p. :
Otras características físicas il. col.
650 #4 - ASIENTO SECUNDARIO DE MATERIA - TERMINO TEMATICO
Término de materia o nombre geográfico como elemento de entrada LITERATURA INFANTIL BRASILEÑA
9 (RLIN) 11916
650 #4 - ASIENTO SECUNDARIO DE MATERIA - TERMINO TEMATICO
Término de materia o nombre geográfico como elemento de entrada Libros y lectura para niños
9 (RLIN) 2290
905 ## - TIPO DE MATERIAL
Tipo de material Infantil
Holdings
Estado de retiro Estado de pérdida Fuente del sistema de clasificación o colocación Estado dañado No para préstamo Código de colección Localización permanente Ubicación/localización actual Ubicación en estantería Fecha de adquisición Clasificación Código de barras Fecha visto por última vez Número de copia Tipo de ítem Koha
    Library of Congress Classification     Infantil Bib. Gregorio Torres Quintero Bib. Gregorio Torres Quintero Sala infantil Planta baja 10/05/2023 PZ83 C3.5 318645 31/12/2020 1 Libro